Leopoldo Ramos (Record no. 25163)

MARC details
000 -LEADER
campo de control de longitud fija 00512nam a2200181 i 4500
001 - NÚMERO DE CONTROL
campo de control 25163
003 - IDENTIFICADOR DE NÚMERO DE CONTROL
campo de control ES-MaACL
005 - FECHA Y HORA DE LA ÚLTIMA TRANSACCIÓN
campo de control 20230906153213.0
007 - CAMPO FIJO DE DESCRIPCIÓN FÍSICA--INFORMACIÓN GENERAL
campo de control de longitud fija t|
008 - DATOS DE LONGITUD FIJA--INFORMACIÓN GENERAL
campo de control de longitud fija 021220s1957 mx ||||1| spa d
100 1# - ENTRADA PRINCIPAL--NOMBRE DE PERSONA
Nombre de persona Arce, David N.
9 (RLIN) 22447
245 10 - MENCIÓN DEL TÍTULO
Título Leopoldo Ramos
Resto del título : poeta en ascensión /
Mención de responsabilidad, etc. David N. Arce ; dibujos de Helio Duarte.
250 ## - MENCION DE EDICION
Mención de edición 1ª ed.
260 ## - PUBLICACIÓN, DISTRIBUCIÓN, ETC.
Lugar de publicación, distribución, etc. México :
Nombre del editor, distribuidor, etc. Jus,
Fecha de publicación, distribución, etc. 1957.
300 ## - DESCRIPCIÓN FÍSICA
Extensión 35 p. ;
Dimensiones 29 cm.
700 1# - ENTRADA AGREGADA--NOMBRE PERSONAL
Nombre de persona Duarte, Helios.
9 (RLIN) 45730
852 ## - LOCALIZACIÓN
Ubicación ES-MaACL
Número de control de estantería 1980-F-26
Sublocalización o colección R.41386
Holdings
Estatus retirado Estado de pérdida Estado de daño No para préstamo Colección Biblioteca de origen Biblioteca actual Ubicación en estantería Fecha de adquisición Fuente de adquisición Total de préstamos Signatura topográfica completa Código de barras Visto por última vez Precio de reemplazo Tipo de ítem Koha
        Colección de folletos Biblioteca del Ateneo de Madrid Biblioteca del Ateneo de Madrid Depósito folletos 17/01/2008     1980-F-26 1025944 23/02/2023 23/02/2023 Folleto